| 000 | 00507nam a2200217Ia 4500 | ||
|---|---|---|---|
| 003 | OSt | ||
| 005 | 20220722162940.0 | ||
| 008 | 210210b2000 xxu||||| |||| 00| 0 eng d | ||
| 020 | _a81 7014 844 8 | ||
| 040 | _cAL | ||
| 041 | _aeng | ||
| 082 | _a346.066 KAPE | ||
| 100 |
_aKAPOOR (N D) _952875 |
||
| 245 | _aElements of company law | ||
| 250 | _a26 | ||
| 260 |
_aNew Delhi. _bSultan Chand & Sons _c2000 |
||
| 300 | _axii,551 | ||
| 690 |
_aCompany Law _952876 |
||
| 906 | _a058367 | ||
| 942 |
_2ddc _cBK |
||
| 999 |
_c105864 _d105864 |
||